| 000 | 01358nam a2200265Ia 4500 | ||
|---|---|---|---|
| 999 |
_c53846 _d53846 |
||
| 001 | 20897 | ||
| 003 | GE_BSU | ||
| 005 | 20210614164138.0 | ||
| 008 | 181216s2013||||ge |||||||||||||| ||geo|| | ||
| 020 | _a9789941033735 | ||
| 040 | _cGE_BSU | ||
| 041 | _ageo | ||
| 080 | _a343.141 ლ-81 | ||
| 100 |
_aლომსაძე, მალხაზ _9562 |
||
| 245 |
_aგამოძიების პროცესუალური დოკუმენტების ნიმუშები : _bახალი სისხლის სამართლის საპროცესო კოდექსის მიხედვით / _cმალხაზ ლომსაძე ; [წინათქმა ოთარ გამყრელიძე]. |
||
| 250 | _aმე-3 შესწორებული და გადამუშავებული გამოცემა | ||
| 264 |
_aთბილისი : _bბონა კაუზა, _c2013. |
||
| 300 |
_a195 გვ. ; _c20 სმ. |
||
| 490 | _aიურისტის ბიბლიოთეკა | ||
| 504 | _aბიბლიოგრაფია გვ. : 191-195 | ||
| 541 | _h9ლ. | ||
| 653 | _aგამოძიების პროცესუალური დოკუმენტები | ||
| 653 | _aსამართალი | ||
| 942 |
_cBK _2udc |
||